Get Real (Record no. 153125)

MARC details
000 -LEADER
fixed length control field 00360nam a2200145Ia 4500
008 - FIXED-LENGTH DATA ELEMENTS--GENERAL INFORMATION
fixed length control field 230411s9999 xx 000 0 und d
020 ## - INTERNATIONAL STANDARD BOOK NUMBER
International Standard Book Number 1-887781-00-5
041 ## - LANGUAGE CODE
Language code of text/sound track or separate title eng
082 ## - DEWEY DECIMAL CLASSIFICATION NUMBER
Classification number X/820/KOS/B01884
100 ## - MAIN ENTRY--PERSONAL NAME
Personal name Kosich Daniel
9 (RLIN) 177085
245 ## - TITLE STATEMENT
Title Get Real
260 ## - PUBLICATION, DISTRIBUTION, ETC. (IMPRINT)
Name of publisher, distributor, etc. Idea Health And Fitness
Place of publication, distribution, etc. New York
Date of publication, distribution, etc. 1995
300 ## - PHYSICAL DESCRIPTION
Extent 218p
Holdings
Withdrawn status Lost status Damaged status Not for loan Collection code Home library Current library Date acquired Vendor Cost, normal purchase price Total Checkouts Full call number Barcode Date last seen Cost, replacement price Bill Date Koha item type Original Barcode
          Smt. Bakul Tambat Institute of Nursing Education Smt. Bakul Tambat Institute of Nursing Education 27/07/2004 Deccan Book Stall / 175.00   X 820 KOS B01884 BTIN-BK-1884 11/04/2023 175.00 27/07/2004 Books B01884